|
|
|
|
| LEADER |
00814cam a2200229 a 4500 |
| 001 |
0000053769 |
| 005 |
20031122090000.0 |
| 040 |
|
|
|a mod
|
| 041 |
|
|
|a eng
|
| 020 |
0 |
0 |
|a 967942461X; 9679425029
|
| 090 |
0 |
0 |
|a 899.2309
|b AVE
|e 2000
|
| 100 |
1 |
0 |
|a Aveling
|h Harry
|
| 245 |
1 |
0 |
|a Shahnon Ahmad
|b Islam power and gender
|c Harry Aveling
|
| 260 |
0 |
0 |
|a Bangi
|b Universiti Kebangsaan Malaysia
|c 2000
|
| 300 |
0 |
0 |
|a 231p.
|b ill.
|c 23cm
|
| 440 |
0 |
0 |
|a Siri pemikiran Bangi
|
| 600 |
0 |
0 |
|a Shahnon Ahmad, Datuk Haji, 1933-
|x Religion
|
| 600 |
0 |
0 |
|a Shahnon Ahmad, Datuk Haji, 1933-
|x Criticism and interpretation
|
| 650 |
0 |
0 |
|a Malay literature
|x History and criticism
|
| 852 |
0 |
0 |
|a 01
|
| 999 |
|
|
|a 0178174
|b KEMENTAH
|d BOOKS
|e Umum
|f Perpustakaan KEMENTAH
|j AVAILABLE
|q GOOD CONDITION
|
| 999 |
|
|
|a 0220396
|b PULPAK
|d BOOKS
|e Umum
|f PULPAK
|j AVAILABLE
|q GOOD CONDITION
|